000 00774nam a22002057a 4500
999 _c4691
_d4691
003 AR-CdUCM
008 190311b ||||| |||| 00| 0 spa d
040 _aMUNICIPALIDAD PROVINCIAL DEL CUSCO
_cBIBLIOTECA MUNICIPAL DEL CUSCO
082 _a923.303 /
_bH77
100 _aLópe Cantos, Angel
_914573
245 _aEugenio María de Hostos /
260 _aMadrid :
_bEdiciones de Cultura Hispánica ,
_c1990.
300 _a187 páginas ;
_c24 cm.
505 _aContenido : Concepciones morales y Sociales -- La America Española -- Cuba y su independencia -- Puerto Rico y su Autodeterinacion -- Cronologia...
650 _aCuba y su Independencia
_914574
650 _aHistoria de Puerto Rico
_914575
650 _aSocionomia
_914576
942 _2ddc
_cLIBROS
945 _artm